Dynamics. (Record no. 544360)

000 -LEADER
fixed length control field 00359cam a22001331 4500
082 ## - DEWEY DECIMAL CLASSIFICATION NUMBER
Classification number 531.1
Author Mark GRE
-- L-5,P-4
100 1# - MAIN ENTRY--PERSONAL NAME
Personal name Green, S. L.
9 (RLIN) 39975
245 00 - TITLE STATEMENT
Title Dynamics.
260 ## - PUBLICATION, DISTRIBUTION, ETC.
Place of publication, distribution, etc. London,
Name of publisher, distributor, etc. University Tutorial Press
Date of publication, distribution, etc. [1948]
300 ## - PHYSICAL DESCRIPTION
Extent 263 p.
Other physical details diagrs.
Dimensions 22 cm.
526 ## - STUDY PROGRAM INFORMATION NOTE
Program name 0
Interest level 0
Reading level 0
Title point value 531_100000000000000_GRE
650 #0 - SUBJECT ADDED ENTRY--TOPICAL TERM
Topical term or geographic name entry element Dynamics.
9 (RLIN) 7202
942 ## - ADDED ENTRY ELEMENTS (KOHA)
Source of classification or shelving scheme
Koha item type Book
Holdings
Withdrawn status Lost status Source of classification or shelving scheme Damaged status Not for loan Permanent Location Current Location Date acquired Total Checkouts Full call number Barcode Date last seen Price effective from Koha item type
          Military College of Engineering (MCE) Military College of Engineering (MCE) 04/17/2014   531.1 GRE MCE-29221 04/17/2014 04/17/2014 Book
© 2023 Central Library, National University of Sciences and Technology. All Rights Reserved.